| 000 | 01381nam a22002657a 4500 | ||
|---|---|---|---|
| 005 | 20081003095653.0 | ||
| 008 | 081003t xxu||||| |||| 00| 0 hin d | ||
| 010 | _aHIN-84368 | ||
| 020 |
_a9788181437846 _c200.00 |
||
| 035 | _aHN-56714 | ||
| 037 | _bDBAD / PUB | ||
| 040 |
_aDPL _bHN |
||
| 082 | _a841 | ||
| 100 | _aफ़िराक गोरखपुरी | ||
| 245 |
_aहज़ार शेर फ़िराक के / _cफ़िराक गोरखपुरी; रमेश चन्द द्विवेदी द्वारा संपादित |
||
| 246 |
_aHazaar Sher Firaq ke _bby Firaq Gorakhpuri |
||
| 260 |
_aनई दिल्ली _bवाणी प्रकाशन _c2008 |
||
| 270 |
_a21-ए, दरियागंज _bनई दिल्ली _e110002 _k011 23273167, 23275710 _l011 23275710 _mvaniprakashan@gmail.com |
||
| 300 |
_a126पृ _c22सेमी (सजिल्द) |
||
| 650 |
_aउर्दू कविता _xहिन्दी में अनुवाद |
||
| 650 |
_aUrdu poetry _xTranslations into Hindi |
||
| 700 | _aद्विवेदी, रमेश चन्द | ||
| 942 |
_2ddc _cHN _mगोरख _h841 |
||
| 999 |
_c16149 _d16149 |
||